Dipinti dal XV al XVIII secolo per collezionisti e intenditori (Record n. 76920)

Dettagli MARC
000 -LEADER
fixed length control field 01503nam a2200289Ia 4500
001 - CONTROL NUMBER
control field K0258
003 - CONTROL NUMBER IDENTIFIER
control field IT-RoPAU
008 - FIXED-LENGTH DATA ELEMENTS--GENERAL INFORMATION
fixed length control field 130308s9999 xx 000 0 und d
040 ## - CATALOGING SOURCE
Original cataloging agency IT-RoPAU
040 ## - CATALOGING SOURCE
Transcribing agency IT-RoPAU
041 ## - LANGUAGE CODE
Language code of text/sound track or separate title ITALIANO
999 ## - SYSTEM CONTROL NUMBERS (KOHA)
Koha Dewey Subclass [OBSOLETE] S
100 ## - MAIN ENTRY--PERSONAL NAME
Personal name AA.VV.
100 ## - MAIN ENTRY--PERSONAL NAME
Miscellaneous information Codice Aut. SPICS: 12000
245 ## - TITLE STATEMENT
Title Dipinti dal XV al XVIII secolo per collezionisti e intenditori
245 ## - TITLE STATEMENT
Remainder of title Dipinti dal Xv al XVIII Secolo per collezioni sti e intenditori
250 ## - EDITION STATEMENT
Edition statement 1a ed.
260 ## - PUBLICATION, DISTRIBUTION, ETC. (IMPRINT)
Name of publisher, distributor, etc. s.e. (senza Editrice o non identificata)
260 ## - PUBLICATION, DISTRIBUTION, ETC. (IMPRINT)
Date of publication, distribution, etc. 1975 [1° Ed.:1975 - Ed.Ling.Originale:1975]
300 ## - PHYSICAL DESCRIPTION
Extent "76 p. (prefazione: no ; testo: 76 [pagine: 0-0])"
500 ## - GENERAL NOTE
General note "Esemplare N. 73 di 500. Catalogo dell'Esposizione vendita Tenutasia a torino 23 Novembre 23 Dicembre 1975. 36 Illustrazioni a Colori di Artisti vari tra I Quali: Quentin Metsys; Pier Francesco Fiorentino; Bartolomeo Schedone (O Schedoni); Jacopo Chimenti; Martin Schaffner; Priamo della Quercia; Bicci di Lorenzo; cenni di Francesco; Jacopo Palma Il Giovane; Lamberto Sustris; Rocco Marconi; Bonifacio Veronese; Cristoph Jacobsz Van Der Lamen; Sofonisba Anguissola; Louis De Caulery; Giovanni Battista Pittoni; Jacques Fouquiere; Vittorio Amedeo Cignaroli. "
650 ## - SUBJECT ADDED ENTRY--TOPICAL TERM
Topical term or geographic name as entry element STORIA NAZIONALE DELLA PITTURA
650 ## - SUBJECT ADDED ENTRY--TOPICAL TERM
Relator term Codice materia Spics: 5209
942 ## - ADDED ENTRY ELEMENTS (KOHA)
Koha item type LIBRO
957 ## -
-- 1
999 ## - SYSTEM CONTROL NUMBERS (KOHA)
-- 1
Dati di copia
Withdrawn status Lost status Damaged status Not for loan Home library Current library Date acquired Total Checkouts Full call number Date last seen Price effective from Koha item type Public note
    Buone Condizioni Not For Loan SPICS-MEDIATECA SPICS-MEDIATECA 08/03/2013   K0258 08/03/2013 08/03/2013 LIBRO Progressivo inserimento: 24724 / N. Volumi: 1 Copie: 1 Copia Rara: S / data import: 1 marzo 2013 - By Epidotti, Trombetti, Vaglietti.
CREDITS: SOCIETA' SAN PAOLO Via A.Severo, 58 - ROMA (RM) & PERIODICI SAN PAOLO SRL Via Giotto, 36 MILANO & CISF Via Giotto, 36 MILANO & EDIZIONI SAN PAOLO SRL,  Piazza Soncino, 5 CINISELLO BALSAMO (MI) -- ITALY